000 01055nam a2200301 a 4500
001 BRCA_2750
005 20190320203943.0
008 051208s1959----enka---###---#000-0#eng-u
041 _aeng
044 _aenk
050 4 _aN7104
_b.K83 1
_c1959
100 1 _aKubler, George Alexander
_d1912-1996
_93904
245 1 0 _aArt and Architecture in Spain and Portugal and their American Dominions 1500 to 1800
_cGeorge Kubler, Martin Soria.
260 _aGran Bretaña
_bPenguin Books
_c1959
300 _axxviii, 445 p.
_bil., 192 láminas
_c27 cm.
440 0 _aThe Pelican history of art
_vZ17
_97747
500 _aIncluye índice alfabético, lista de abreviaturas y lista de ilustraciones
500 _aEjemplar igual a CEF120
500 _aAA72
504 _aBibliografía: p. 403-416
650 1 4 _aArte
_zEspaña
_92064
650 1 4 _aArquitectura
_zPortugal
_91497
650 1 4 _aArte
_zHispanoamérica
_97748
650 1 4 _aArquitectura
_zHispanoamérica
_97749
700 1 _aSoria, Martin Sebastian
_eCoautor
_97750
902 _aGFM
942 _2lcc
_cB
999 _c2490
_d2490